Homelessness & health in Canada /

Homelessness & Health in Canada explores, for the first time, the social, structural, and environmental factors that shape the health of homeless persons in Canada. Covering a wide range of topics from youth homelessness to end-of-life care, the authors strive to outline policy and practice reco...

Full description

Bibliographic Details
Corporate Author: JSTOR (Organization)
Other Authors: Guirguis-Younger, Manal, 1967-, McNeil, Ryan, 1982-, Hwang, Stephen W.
Format: eBook
Language:English
Language Notes:Text in English.
Published: Ottawa : Univ. of Ottawa Press, 2014.
Series:International behavioural and social sciences library. Health & society.
Subjects:
Online Access:Connect to the full text of this electronic book

MARC

Tag First Indicator Second Indicator Subfields
LEADER 00000cam a2200000 a 4500
001 in00004635018
006 m o d
007 cr |n|||||||||
008 140919s2014 onca ob 000 0 eng d
005 20230103223353.7
035 |a (OCoLC)ocn890952081 
040 |a YDXCP  |b eng  |e pn  |c YDXCP  |d OCLCQ  |d OCLCO  |d OCLCF  |d EBLCP  |d DEBSZ  |d VT2  |d RRP  |d OCLCQ  |d CELBN  |d JSTOR  |d N$T  |d NLC  |d TEFOD  |d OCLCQ  |d D6H  |d OCLCQ  |d OCLCO  |d ICA  |d OCLCO  |d OCLCA  |d AGLDB  |d OCLCO  |d W2U  |d OTZ  |d FVL  |d OCLCQ  |d OCLCO  |d OCLCQ  |d OCLCO  |d VNS  |d VTS  |d OCLCO  |d ICN  |d OCLCQ  |d WYU  |d CEF  |d CANPU  |d OCLCO  |d SOI  |d STF  |d TXR  |d OCLCQ  |d OCLCO  |d OCLCQ  |d AU@  |d OCLCO  |d CNTRU  |d UWK  |d OCLCQ  |d OCLCO  |d UKAHL  |d OCLCQ  |d K6U  |d OCLCA  |d U9X  |d UKKNU  |d OAPEN  |d LOA  |d ESU  |d U3W  |d LVT  |d S9I  |d TKN  |d ERL  |d OCLCQ  |d OCLCO  |d QGK  |d OCLCO  |d OCLCQ 
015 |a 20149012799  |2 can 
016 |a (AMICUS)000042487920 
019 |a 881414697  |a 900244241  |a 956745585  |a 957127127  |a 963737536  |a 973342183  |a 982203809  |a 987921393  |a 994402043  |a 994685449  |a 1046620709  |a 1064668047  |a 1192346830  |a 1198684645  |a 1229496671  |a 1253410327  |a 1259214279  |a 1262672590  |a 1300792022 
020 |a 0776621483  |q (electronic bk.) 
020 |a 9780776621487  |q (electronic bk.) 
020 |a 9780776621470  |q (electronic bk.) 
020 |a 0776621475  |q (electronic bk.) 
020 |a 0776626132 
020 |a 9780776626130 
020 |z 9780776621432  |q (pbk.) 
020 |z 0776621432  |q (pbk.) 
020 |z 9780776621494 
020 |z 0776621491 
027 |a JSTOR purchased 
035 |a (OCoLC)890952081  |z (OCoLC)881414697  |z (OCoLC)900244241  |z (OCoLC)956745585  |z (OCoLC)957127127  |z (OCoLC)963737536  |z (OCoLC)973342183  |z (OCoLC)982203809  |z (OCoLC)987921393  |z (OCoLC)994402043  |z (OCoLC)994685449  |z (OCoLC)1046620709  |z (OCoLC)1064668047  |z (OCoLC)1192346830  |z (OCoLC)1198684645  |z (OCoLC)1229496671  |z (OCoLC)1253410327  |z (OCoLC)1259214279  |z (OCoLC)1262672590  |z (OCoLC)1300792022 
037 |a 22573/ctt187p9gr  |b JSTOR 
037 |a 3304EE41-FED1-4025-9354-4B2EB03C8546  |b OverDrive, Inc.  |n http://www.overdrive.com 
043 |a n-cn--- 
050 4 |a RA564.9.H63  |b H64 2014 
055 8 |a RA564.9 H63  |b H64 2014 
060 4 |a 2014 H-130 
060 4 |a WA 300 DC2 
072 7 |a SOC057000  |2 bisacsh 
072 7 |a SOC045000  |2 bisacsh 
072 7 |a POL  |x 027000  |2 bisacsh 
072 7 |a POL  |x 019000  |2 bisacsh 
082 0 4 |a 362.1/0425  |2 23 
084 |a cci1icc  |2 lacc 
084 |a coll11  |2 lacc 
084 |a coll13  |2 lacc 
049 |a TXAM 
245 0 0 |a Homelessness & health in Canada /  |c edited by Manal Guirguis-Younger, Ryan McNeil, Stephen W. Hwang. 
246 3 |a Homelessness and health in Canada 
260 |a Ottawa :  |b Univ. of Ottawa Press,  |c 2014. 
300 |a 1 online resource (ix, 320 pages) :  |b illustrations 
336 |a text  |b txt  |2 rdacontent 
337 |a computer  |b c  |2 rdamedia 
338 |a online resource  |b cr  |2 rdacarrier 
347 |a data file 
490 1 |a Health & Society 
504 |a Includes bibliographical references. 
588 0 |a Print version record. 
505 0 |a pt. I Homelessness & Health in Canadian Populations -- 1. Being Young and Homeless: Addressing Youth Homelessness from Drop-in to Drafting Policy / Sean Kidd -- 2. Sexual Risk Behaviours and Sexual Health Outcomes among Homeless Youth in Canada / Trevor A. Hart -- 3. Helpers, Not Helpless: Honouring the Strength, Wisdom and Vision of Aboriginal Women Experiencing Homelessness or Marginal Housing / Izumi Sakamoto -- 4. Homelessness and Health in the Crowded Canadian Arctic: Inuit Experiences / Frank Tester -- 5. Homeless Immigrants' and Refugees' Health over Time / Rebecca Nemiroff -- pt. II Policy & Programmatic Responses to Homelessness & Health -- 6. Housing and HIV/AIDS among People Who Inject Drugs: Public Health Evidence for Effective Policy Response / Thomas Kerr -- 7. Supported Housing as a Promising Housing First Approach for People with Severe and Persistent Mental Illness / Jonathan Jette -- 8. Homelessness and Oral Health / Carlos Quinonez -- 9. Close to the Street: Nursing Practice with People Marginalized by Homelessness and Substance Use / Bernadette Pauly -- 10. Dignity in Design: The Siting and Design of Community and Shelter-Based Health Facilities for Homeless Persons / Manal Guirguis-Younger -- pt. III New Approaches: Innovations to Address Homelessness & Health -- 11. An Examination of the Delivery of Psychiatric Services within a Shelter-Based Management of Alcohol Program for Homeless Adults / Jeff Turnbull -- 12. Collaborative Approaches to Community-Based Mental Health Care for Homeless People: Toronto's Inner City Health Associates / Vicky Stergiopoulos -- 13. The Development and Operational Context of an Emergency Shelter -- Based Hospice in Ottawa, Ontario: A Qualitative Study / Ryan McNeil. 
520 |a Homelessness & Health in Canada explores, for the first time, the social, structural, and environmental factors that shape the health of homeless persons in Canada. Covering a wide range of topics from youth homelessness to end-of-life care, the authors strive to outline policy and practice recommendations to respond to the ongoing public health crisis. This book is divided into three distinct but complimentary sections. In the first section, contributors explore how homelessness affects the health of particular homeless populations, focusing on the experiences of hom. 
546 |a Text in English. 
650 0 |a Homelessness  |x Health aspects  |z Canada. 
650 0 |a Homeless persons  |x Health and hygiene  |z Canada. 
650 0 |a Homeless persons  |x Medical care  |z Canada. 
650 0 |a Homeless persons  |x Government policy  |z Canada. 
650 0 |a Homeless persons  |z Canada  |x Social conditions. 
650 0 |a Housing. 
650 0 |a Health services accessibility. 
650 0 |a Public welfare. 
650 0 |a Homelessness  |z Canada. 
650 1 2 |a Homeless Persons 
650 2 2 |a Housing 
650 2 2 |a Health Services Accessibility 
650 2 2 |a Health Status Disparities 
650 2 2 |a Social Welfare 
651 2 |a Canada 
650 6 |a Sans-abri  |x Santé et hygiène  |z Canada. 
650 6 |a Sans-abri  |x Soins médicaux  |z Canada. 
650 6 |a Sans-abri  |x Politique gouvernementale  |z Canada. 
650 6 |a Sans-abri  |0 (CaQQLa)201-0228134  |z Canada  |0 (CaQQLa)201-0228134  |x Condition sociales 
650 6 |a Itinérance  |z Canada. 
650 6 |a Sans-abri  |z Canada  |x Conditions sociales. 
650 6 |a Logement. 
650 6 |a Services de santé  |x Accessibilité. 
650 6 |a Aide sociale. 
650 7 |a housing (concept)  |2 aat 
650 7 |a welfare services.  |2 aat 
650 7 |a Society and social sciences Society and social sciences.  |2 bicssc 
650 7 |a Society and culture: general.  |2 bicssc 
650 7 |a Social issues and processes.  |2 bicssc 
650 7 |a Poverty and unemployment.  |2 bicssc 
650 7 |a Social groups.  |2 bicssc 
650 7 |a Social classes.  |2 bicssc 
650 7 |a SOCIAL SCIENCE  |x Disease & Health Issues.  |2 bisacsh 
650 7 |a POLITICAL SCIENCE  |x Public Policy  |x Social Security.  |2 bisacsh 
650 7 |a POLITICAL SCIENCE  |x Public Policy  |x Social Services & Welfare.  |2 bisacsh 
650 7 |a Homeless persons  |x Government policy.  |2 fast  |0 (OCoLC)fst00959455 
650 7 |a Homeless persons  |x Health and hygiene.  |2 fast  |0 (OCoLC)fst00959458 
650 7 |a Homeless persons  |x Medical care.  |2 fast  |0 (OCoLC)fst00959465 
650 7 |a Homeless persons  |x Social conditions.  |2 fast  |0 (OCoLC)fst00959493 
650 7 |a Homelessness  |x Health aspects.  |2 fast  |0 (OCoLC)fst00959551 
651 7 |a Canada.  |2 fast  |0 (OCoLC)fst01204310 
655 7 |a Electronic books.  |2 local 
700 1 |a Guirguis-Younger, Manal,  |d 1967- 
700 1 |a McNeil, Ryan,  |d 1982- 
700 1 |a Hwang, Stephen W. 
710 2 |a JSTOR (Organization) 
776 0 8 |i Print version:  |t Homelessness & health in Canada.  |d Ottawa : Univ. of Ottawa Press, 2014  |z 9780776621432  |z 0776621432 
830 0 |a International behavioural and social sciences library.  |p Health & society. 
856 4 0 |u https://www.jstor.org/stable/10.2307/j.ctt184qqc6  |z Connect to the full text of this electronic book  |t 0 
936 |a BATCHLOAD 
955 |a JSTOR Open Access ebooks 
994 |a 92  |b TXA 
999 f f |s c2257b81-f226-42f3-a716-39b923995553  |i ebb9f697-2d88-47b6-a4ad-245a11874245  |t 0 
952 f f |a Texas A&M University  |b College Station  |c Electronic Resources  |d Available Online  |t 0  |e RA564.9.H63 H64 2014  |h Library of Congress classification 
998 f f |a RA564.9.H63 H64 2014  |t 0  |l Available Online